Executive agencies, ministers, and departments: Can policy and management ever be separated? (Record no. 97452)

000 -LEADER
fixed length control field 01485pab a2200181 454500
008 - FIXED-LENGTH DATA ELEMENTS--GENERAL INFORMATION
fixed length control field 180718b2012 xxu||||| |||| 00| 0 eng d
100 ## - MAIN ENTRY--PERSONAL NAME
Personal name Verschuere, Bram
245 ## - TITLE STATEMENT
Title Executive agencies, ministers, and departments: Can policy and management ever be separated?
260 ## - PUBLICATION, DISTRIBUTION, ETC.
Date of publication, distribution, etc. 2012
300 ## - PHYSICAL DESCRIPTION
Extent p.183-206.
362 ## - DATES OF PUBLICATION AND/OR SEQUENTIAL DESIGNATION
Dates of publication and/or sequential designation Mar
520 ## - SUMMARY, ETC.
Summary, etc. The creation of executive agencies outside core departments has been a major element of administrative reforms throughout Europe during the past two decades, driven by a managerial logic, which also has been at the core of most academic works on "agencification." In this article, the authors take a different perspective by focusing on executive agencies' influence in the policy process. The authors analyze the policy influence of a large executive agency with service delivery tasks in the context of a parliamentary system of government (Flanders, Belgium).A comparison of the agency's influence in two major policy processes shows that a complex interplay of policy content, patterns of interaction, and mutual trust with the political leadership and organizational characteristics helps in explaining the observed patterns of influence. The findings also raise normative concerns regarding potential problems of disconnecting operations from policy formulation via agencification. - Reproduced.
650 ## - SUBJECT ADDED ENTRY--TOPICAL TERM
Topical term or geographic name entry element Public administration
700 ## - ADDED ENTRY--PERSONAL NAME
Personal name Bach, Tobias
773 ## - HOST ITEM ENTRY
Main entry heading Administration and Society
908 ## - PUT COMMAND PARAMETER (RLIN)
Put command parameter N
909 ## -
-- 97452
Holdings
Withdrawn status Lost status Damaged status Not for loan Permanent Location Current Location Date acquired Serial Enumeration / chronology Barcode Date last seen Price effective from Koha item type
        Indian Institute of Public Administration Indian Institute of Public Administration 2018-07-19 Volume no: 44, Issue no: 2 AR97912 2018-07-19 2018-07-19 Articles

Powered by Koha